00522pam a2200193 a 4500001000800000005001700008008004100025010001700066020001500083040002300098041000800121060002200129080001400151082002200165100000600187101000800193245007600201504005100277299725620180127074110.0930707s1994 mdua b 001 0 eng c a 93028417  a068302616X aDNLM/DLCcDLCdDLC aeng00aWO 240 D717u 1994 a617.9602800a617.96028 DOR2201 a6 aANE10aUnderstanding anesthesia equipment :cJerry A. Dorsch, Susan E. Dorsch. aIncludes bibliographical references and index.